Reflechir mieux : outils et techniques
Saved in:
| Main Author: | |
|---|---|
| Other Authors: | , , |
| Format: | Book |
| Language: | French |
| Published: |
Paris :
Les Editions d'Organisation,
1985.
|
| Subjects: | |
| Tags: |
Add Tag
No Tags, Be the first to tag this record!
|
MARC
| LEADER | 00000cam a2200000 i 4500 | ||
|---|---|---|---|
| 001 | 1/102800 | ||
| 008 | 000229s1985 fre d | ||
| 020 | |a 2-7081-0613-9 | ||
| 035 | |l 10058225 | ||
| 040 | |a GR-MY-UA |b gre |e aacr | ||
| 041 | 0 | |a fre | |
| 082 | 0 | |a 153 | |
| 100 | 1 | |a De Bono, Edward |d 1933- | |
| 245 | 1 | 0 | |a Reflechir mieux : |b outils et techniques / |c Edward de Bono ; traduit de l'anglais par Helene Trocme, Christiane et David Ellis. |
| 260 | |a Paris : |b Les Editions d'Organisation, |c 1985. | ||
| 300 | |a 162 σ. | ||
| 650 | 0 | 0 | |a Thought and thinking. |
| 650 | 0 | 0 | |a Creative thinking. |
| 700 | 1 | |a Trocme, Helene, |e trlf | |
| 700 | 1 | |a Ellis, Christiane, |e trlf | |
| 700 | 1 | |a Ellis, David |d 1958- |e trl | |
| 852 | |a INST |b RHODES |e 20000229 |h 153 DEB |p 005400015297 |q 005400015297 |t BK |y 0 | ||
| 901 | |a BIBL4-2000-1 | ||
| 909 | |a Ρ |b 064949 | ||
| 922 | |a 4ΕΛΗ |b 199903 |c ΚΠΣ/154 |d LEADER BOOKS | ||
| 970 | |a ΚΟΥΛΑΚΙΟΤΗ |b ΛΙΤΣΑ |z 2000/02/29 | ||